| 000 | 00941nam a22003257a 4500 | ||
|---|---|---|---|
| 001 | BR2023000197 | ||
| 003 | BR-BrBNA | ||
| 005 | 20230928105716.0 | ||
| 007 | ta | ||
| 008 | 230509b bl.||||| |||| 00| 0 por d | ||
| 040 |
_aBR-BrBNA _bpor _cBiblioteca Nacional de Agricultura |
||
| 041 | _a(Por) | ||
| 072 | _aE10; S30; Q02 | ||
| 090 | _ E10 BR2023000197 | ||
| 110 | 1 |
_aInstituto CEASAMINAS, Contagem, MG (Brasil) _95955 |
|
| 245 | 1 | _aApresentação e relatório 2020: Prodal banco de alimentos | |
| 260 | 3 |
_aContagem, MG (Brasil): _c[nd]. |
|
| 300 | _a17 p. | ||
| 500 | _aPublished 2020?; 35 illus.; 1 table; 1 graph | ||
| 650 | _aSEGURANÇA ALIMENTAR | ||
| 650 | _aCONSUMO ALIMENTAR | ||
| 650 | _aABASTECIMENTO | ||
| 650 | _aDESPERDÍCIO | ||
| 650 | _aALIMENTO DESIDRATADO | ||
| 650 | _aNUTRIÇÃO HUMANA | ||
| 650 | _aFOME | ||
| 650 | _aESCASSEZ DE ALIMENTO | ||
| 909 |
_a202309 _bLucia _c55 _dLucia Elande |
||
| 942 | _cBK | ||
| 999 |
_c86291 _d86291 |
||